<?xml version="1.0" encoding="UTF-8"?>
<collection xmlns:xsi="http://www.w3.org/2001/XMLSchema-instance" xsi:schemaLocation="http://www.loc.gov/MARC21/slim http://www.loc.gov/standards/marcxml/schema/MARC21slim.xsd" xmlns="http://www.loc.gov/MARC21/slim">
 <record>
  <leader>00000nam a22000004a 4500</leader>
  <controlfield tag="001">UP-8027390931316529333</controlfield>
  <controlfield tag="003">Buklod</controlfield>
  <controlfield tag="005">20251030132855.0</controlfield>
  <controlfield tag="006">m    |o  d |      </controlfield>
  <controlfield tag="007">ta</controlfield>
  <controlfield tag="008">251022s2024    xxu     r    |||| u|eng d</controlfield>
  <datafield tag="040" ind1="0" ind2=" ">
   <subfield code="a">DLS</subfield>
   <subfield code="e">rda</subfield>
  </datafield>
  <datafield tag="041" ind1="0" ind2=" ">
   <subfield code="a">eng</subfield>
  </datafield>
  <datafield tag="090" ind1="0" ind2="0">
   <subfield code="a">LG 993.5 2024 L4 </subfield>
   <subfield code="b">Q85</subfield>
  </datafield>
  <datafield tag="100" ind1="0" ind2=" ">
   <subfield code="a">Quiroga, David Carlos O. </subfield>
   <subfield code="e">author.</subfield>
  </datafield>
  <datafield tag="245" ind1="0" ind2="0">
   <subfield code="a">Scope and search: understanding FPS players’ information seeking behavior</subfield>
   <subfield code="c">David Carlos O. Quiroga ; Santos, Yhna Therese P. </subfield>
  </datafield>
  <datafield tag="264" ind1=" " ind2="0">
   <subfield code="a">Quezon City</subfield>
   <subfield code="b">School of Library and Information Studies, University of the Philippines Diliman</subfield>
   <subfield code="c">2024.</subfield>
  </datafield>
  <datafield tag="300" ind1=" " ind2=" ">
   <subfield code="a">vi, [48] leaves</subfield>
   <subfield code="b">illustrations</subfield>
   <subfield code="c">28 cm.</subfield>
  </datafield>
  <datafield tag="336" ind1=" " ind2=" ">
   <subfield code="a">text</subfield>
   <subfield code="2">rdacontent</subfield>
  </datafield>
  <datafield tag="337" ind1=" " ind2=" ">
   <subfield code="a">unmediated</subfield>
   <subfield code="2">rdamedia</subfield>
  </datafield>
  <datafield tag="338" ind1=" " ind2=" ">
   <subfield code="a">volume</subfield>
   <subfield code="2">rdacarrier</subfield>
  </datafield>
  <datafield tag="502" ind1=" " ind2=" ">
   <subfield code="a">Thesis</subfield>
   <subfield code="b">Bachelor of Library and Information Science</subfield>
   <subfield code="c">University of the Philippines Diliman</subfield>
   <subfield code="d">June 2024.</subfield>
  </datafield>
  <datafield tag="520" ind1="0" ind2=" ">
   <subfield code="a">In the study, the researcher sought to understand and analyze the information seeking behavior displayed by first-person shooter (EPS) players. Specifically, the researcher sought to understand what information needs players have before and after playing the game and what the methods they employ to satisfy their information needs. It was initially theorized that this behavior will be similar to the findings of Adams (2009) in a previous study. To answer this, a focus group discussion was held with FPS players to discover their perceived informational needs and the ways they go about seeking this information. The findings from the focus group discussion were used to construct and framework describing the information seeking behavior of FPS players. It was concluded that players develop information needs after playing and their primary methods of seeking information are online sources that they interact with in their everyday lives. </subfield>
  </datafield>
  <datafield tag="650" ind1="0" ind2="0">
   <subfield code="a">Information behavior.</subfield>
  </datafield>
  <datafield tag="650" ind1="0" ind2="0">
   <subfield code="a">Video gamers.</subfield>
  </datafield>
  <datafield tag="650" ind1="0" ind2="0">
   <subfield code="a">Computer games </subfield>
   <subfield code="x">Social aspects.</subfield>
  </datafield>
  <datafield tag="700" ind1="0" ind2=" ">
   <subfield code="a">Santos, Yhna Therese P. </subfield>
   <subfield code="e">adviser.</subfield>
  </datafield>
  <datafield tag="905" ind1=" " ind2=" ">
   <subfield code="a">FI</subfield>
   <subfield code="a">UP</subfield>
  </datafield>
  <datafield tag="852" ind1="0" ind2=" ">
   <subfield code="a">UPD</subfield>
   <subfield code="b">DLS</subfield>
   <subfield code="h">LG 993.5 2024 L4</subfield>
   <subfield code="i">Q85</subfield>
  </datafield>
  <datafield tag="942" ind1=" " ind2=" ">
   <subfield code="a">Thesis</subfield>
  </datafield>
 </record>
</collection>
